[Event "Open"]
[Site "Louviers"]
[Date "2008.05.10"]
[Round "5"]
[White "Dubost, Florian"]
[Black "Deheij, Gerrit"]
[Result "1-0"]
[WhiteElo "1199"]
[BlackElo "1480"]
[PlyCount "99"]
[EventDate "2008.05.22"]
[SourceDate "2008.05.22"]

1. e4 Nf6 2. Nc3 d5 3. exd5 Bg4 4. Nf3 Nxd5 5. d4 e6 6. Nxd5 Qxd5 7. Be2 Nc6 8.
c3 Bd6 9. Be3 O-O 10. h3 Bf5 11. Bd3 Be4 12. Ng5 Bg6 13. Bxg6 fxg6 14. Qg4 Rf6
15. h4 Raf8 16. h5 gxh5 17. Rxh5 Rg6 18. Qh3 Rf5 19. f4 h6 20. g4 Rf8 21. Nh7
Qe4 22. Nxf8 Kxf8 23. Kd2 Ne7 24. Rg1 Ke8 25. Qg2 Qxg2+ 26. Rxg2 Nd5 27. f5
exf5 28. Rxf5 Nf6 29. Bf4 Rxg4 30. Rxg4 Nxg4 31. Bxd6 cxd6 32. Ke2 Nf6 33. Kf3
b6 34. Kg3 Ke7 35. Kh4 g6 36. Rf1 g5+ 37. Kg3 h5 38. Rf5 Ke6 39. Rxg5 Ne4+ 40.
Kf4 Nxg5 41. Kxg5 Kd5 42. Kxh5 Kc4 43. Kg4 Kd3 44. Kf5 d5 45. Ke5 Kc4 46. Kd6
a5 47. a4 Kb3 48. Kxd5 Kxb2 49. Kc4 Ka3 50. Kb5 1-0

[Event "Open"]
[Site "Louviers"]
[Date "2008.05.10"]
[Round "5"]
[White "Le Bourhis, Dominique"]
[Black "Boursier, Xavier"]
[Result "1-0"]
[WhiteElo "2104"]
[BlackElo "2029"]
[PlyCount "79"]
[EventDate "2008.05.22"]
[SourceDate "2008.05.22"]

1. Nf3 Nf6 2. c4 g6 3. Nc3 Bg7 4. e4 c5 5. d4 cxd4 6. Nxd4 Nc6 7. Be3 O-O 8.
Be2 d6 9. O-O Nd7 10. Qd2 Nxd4 11. Bxd4 Bxd4 12. Qxd4 Qb6 13. Qd2 Nf6 14. Kh1
Bd7 15. b3 Bc6 16. Bf3 a5 17. Rfe1 Nd7 18. Rab1 Kg7 19. Re3 Rae8 20. Bd1 h5 21.
Rg3 Nf6 22. Bc2 Qc5 23. Rd1 Ng4 24. Kg1 Nh6 25. Ne2 h4 26. Rh3 g5 27. Nd4 Bd7
28. Rd3 f6 29. Nf3 Be6 30. e5 Nf7 31. Nd4 Qc8 32. exf6+ exf6 33. Re3 Ne5 34.
Qxa5 Qc5 35. Qxc5 dxc5 36. Nxe6+ Rxe6 37. Rd7+ Nxd7 38. Rxe6 Kf7 39. Bf5 Ne5
40. Rb6 1-0

[Event "Open"]
[Site "Louviers"]
[Date "2008.05.10"]
[Round "5"]
[White "Arinal, Serge"]
[Black "Roussette, Stephane"]
[Result "1-0"]
[WhiteElo "1680"]
[BlackElo "1870"]
[PlyCount "111"]
[EventDate "2008.05.22"]
[SourceDate "2008.05.22"]

1. Nf3 c5 2. g3 Nc6 3. Bg2 g6 4. c4 Bg7 5. O-O d6 6. a3 e5 7. d3 Nge7 8. Nc3
O-O 9. Bg5 h6 10. Bd2 f5 11. e3 g5 12. Rb1 Ng6 13. Nd5 Be6 14. Ne1 f4 15. Qh5
Kh7 16. Be4 Bf5 17. Bxf5 Rxf5 18. e4 Rf7 19. Nf3 Nd4 20. Nxd4 cxd4 21. b4 Qd7
22. f3 Raf8 23. Kg2 Qa4 24. b5 Qxa3 25. Nb4 Qa5 26. Ra1 Qd8 27. Rxa7 Qb8 28.
Raa1 Qc8 29. Nd5 Bf6 30. Bb4 Qe6 31. Ra7 Bd8 32. g4 Nh4+ 33. Kf2 Ng6 34. Rfa1
Rd7 35. Ra8 Rff7 36. Rc8 Ne7 37. Nxe7 Rfxe7 38. Raa8 Re8 39. Ba5 Qe7 40. Bb4 b6
41. c5 bxc5 42. Bxc5 dxc5 43. Ra6 Qf8 44. Rcc6 Ree7 45. Rxh6+ Qxh6 46. Qxh6+
Kg8 47. Rg6+ Rg7 48. b6 Rb7 49. Re6 Be7 50. Rc6 Bf8 51. Qe6+ Rgf7 52. Rc7 Kg7
53. Rxb7 Rxb7 54. Qxe5+ Kh6 55. Qf6+ Kh7 56. Qc6 1-0

[Event "Open"]
[Site "Louviers"]
[Date "2008.05.10"]
[Round "5"]
[White "Josse, Sebastien"]
[Black "Saint-Gilles, Damien"]
[Result "1-0"]
[WhiteElo "1849"]
[BlackElo "1620"]
[PlyCount "111"]
[EventDate "2008.05.22"]
[SourceDate "2008.05.22"]

1. f4 Nf6 2. Nf3 d5 3. g3 e6 4. Bg2 Bd7 5. O-O Bc5+ 6. Kh1 Bb5 7. a4 Ba6 8. c3
b6 9. b4 Be7 10. Bb2 Nbd7 11. Ne5 Bb7 12. d3 Nxe5 13. fxe5 Ng4 14. Qc1 Nxe5 15.
Qf4 f6 16. c4 Ng6 17. Qe3 Qd7 18. c5 O-O 19. d4 Rab8 20. Bh3 Bc8 21. b5 c6 22.
Na3 cxb5 23. axb5 Re8 24. c6 Qd6 25. Nc2 e5 26. Bxc8 Rbxc8 27. Rxa7 Rc7 28.
Rfa1 Rec8 29. Qb3 Rxa7 30. Rxa7 Qe6 31. Rd7 Qf5 32. Kg1 Kf8 33. Rxd5 Qe4 34. e3
Qf3 35. Ne1 Qe2 36. Ng2 Qf3 37. Rd7 h5 38. Qd3 h4 39. Qf1 Qe4 40. dxe5 f5 41.
Rd4 Qc2 42. Nxh4 Nxh4 43. gxh4 Qxb2 44. Qxf5+ Bf6 45. Qxc8+ Kf7 46. Rd7+ Be7
47. e6+ Kf6 48. Rd1 Qe2 49. Rf1+ Ke5 50. Qc7+ Bd6 51. Qxg7+ Kxe6 52. Qf7+ Ke5
53. Qf6+ Kd5 54. Qd4+ Ke6 55. Rf6+ Ke7 56. Qxd6+ 1-0

[Event "Open"]
[Site "Louviers"]
[Date "2008.05.10"]
[Round "5"]
[White "Ferrant, Christophe"]
[Black "Ernouf, Anthony"]
[Result "1/2-1/2"]
[WhiteElo "2151"]
[BlackElo "1903"]
[PlyCount "62"]
[EventDate "2008.05.22"]
[SourceDate "2008.05.22"]

1. d4 Nf6 2. Nc3 d5 3. e4 dxe4 4. f3 exf3 5. Nxf3 e6 6. Bg5 Bb4 7. Bd3 Nc6 8.
a3 Ba5 9. O-O Bb6 10. Kh1 h6 11. Bh4 Bxd4 12. Ne4 Bxb2 13. Rb1 Bxa3 14. Nxf6+
gxf6 15. Ne5 Be7 16. Nxf7 Kxf7 17. Qh5+ Kf8 18. Rxf6+ Bxf6 19. Rf1 Qd5 20.
Rxf6+ Ke7 21. Rf5+ Kd6 22. Rxd5+ exd5 23. Bg3+ Kc5 24. Bf2+ Kd6 25. Bg3+ Kc5
26. Qf7 Bg4 27. Bf2+ Kd6 28. Bg3+ Kc5 29. Bf2+ Kd6 30. Bg3+ Kc5 31. Bf2+ Kd6
1/2-1/2

[Event "Open"]
[Site "Louviers"]
[Date "2008.05.10"]
[Round "5"]
[White "Rousselin, Marc"]
[Black "Blaise, Geoffrey"]
[Result "0-1"]
[WhiteElo "1480"]
[BlackElo "1730"]
[PlyCount "90"]
[EventDate "2008.05.22"]
[SourceDate "2008.05.22"]

1. e4 c5 2. Nf3 Nc6 3. d4 cxd4 4. Nxd4 g6 5. Be3 Bg7 6. Nc3 Nf6 7. f3 O-O 8.
Qd2 a6 9. Nxc6 bxc6 10. Bh6 d6 11. Bxg7 Kxg7 12. Bc4 a5 13. a4 Rb8 14. Rb1 Qb6
15. Qf2 Qb4 16. Bb3 Ba6 17. Rd1 Nd7 18. Qd4+ Qxd4 19. Rxd4 Nc5 20. Kf2 Nxb3 21.
cxb3 Rxb3 22. Rd2 Rfb8 23. Nd1 R8b4 24. Rc2 c5 25. Re1 Rxa4 26. e5 Rc4 27. Rd2
dxe5 28. Rxe5 e6 29. Re1 Rd4 30. Rc2 Rbd3 31. Rxc5 Rxd1 32. Rxd1 Rxd1 33. Rxa5
Bc4 34. b4 Rb1 35. Ra4 Bb5 36. Ra7 Rxb4 37. Rb7 Rb3 38. Rb6 Bc4 39. Rxb3 Bxb3
40. Ke3 e5 41. g3 f5 42. g4 g5 43. h3 Kf6 44. gxf5 Kxf5 45. Ke2 Kf4 0-1

[Event "Open"]
[Site "Louviers"]
[Date "2008.05.10"]
[Round "5"]
[White "Aknouche, Abdesslem"]
[Black "Lefebvre, Richard"]
[Result "0-1"]
[WhiteElo "1670"]
[BlackElo "1820"]
[PlyCount "70"]
[EventDate "2008.05.22"]
[SourceDate "2008.05.24"]

1. d4 Nf6 2. c4 g6 3. Nf3 Bg7 4. Nc3 d5 5. h3 O-O 6. Bg5 Ne4 7. e3 Nxg5 8. Nxg5
c5 9. Nf3 cxd4 10. exd4 dxc4 11. Bxc4 Qb6 12. Nd5 Qd6 13. O-O Nc6 14. Re1 e6
15. Nc3 Nxd4 16. Rc1 a6 17. Ne4 Qb6 18. Nxd4 Bxd4 19. Qf3 Bg7 20. b3 Kh8 21.
Ng5 Bd7 22. Qg3 h6 23. Ne4 Bc6 24. Nd6 Qa5 25. Bd3 Qxa2 26. Re2 Qxb3 27. Nxf7+
Rxf7 28. Qxg6 Kg8 29. Rxe6 Qb2 30. Rexc6 Qxf2+ 31. Kh1 bxc6 32. Rxc6 Rf6 33.
Qh7+ Kf8 34. Rc7 Qe1+ 35. Kh2 Qe5+ 0-1

[Event "Open"]
[Site "Louviers"]
[Date "2008.05.10"]
[Round "5"]
[White "Didierjean, Tristan"]
[Black "Levesque, Thomas"]
[Result "0-1"]
[WhiteElo "1832"]
[BlackElo "2042"]
[PlyCount "56"]
[EventDate "2008.05.22"]
[SourceDate "2008.05.24"]

1. d4 f5 2. c4 Nf6 3. Nc3 e6 4. Nf3 b6 5. g3 Bb7 6. Bg2 Be7 7. Qc2 O-O 8. O-O
Nc6 9. a3 Na5 10. b3 Ne4 11. Ne1 d5 12. Nxe4 fxe4 13. Bb2 Bf6 14. Rd1 Qe7 15.
f3 c5 16. e3 Rac8 17. dxc5 Bxb2 18. Qxb2 Qxc5 19. Nc2 exf3 20. Rxf3 dxc4 21. b4
c3 22. Qb1 Qc4 23. Rxf8+ Rxf8 24. bxa5 Bxg2 25. Kxg2 Qe2+ 26. Kh3 Rf2 27. Kh4
g5+ 28. Kxg5 Rf5+ 0-1

[Event "Open"]
[Site "Louviers"]
[Date "2008.05.10"]
[Round "5"]
[White "Criton, Roland"]
[Black "Guillaumat, Jean-Pierre"]
[Result "1-0"]
[WhiteElo "1954"]
[BlackElo "1962"]
[PlyCount "71"]
[EventDate "2008.05.22"]
[SourceDate "2008.05.24"]

1. d4 d5 2. Nf3 Nf6 3. c4 c6 4. Nc3 g6 5. Bg5 Bg7 6. cxd5 cxd5 7. Qb3 e6 8. e3
O-O 9. Bd3 Nc6 10. O-O a6 11. Na4 b5 12. Nc5 Na5 13. Qc3 Qb6 14. Ne5 Rd8 15.
Rfc1 h6 16. Bh4 g5 17. Bg3 Nh5 18. Be2 Nxg3 19. hxg3 Bxe5 20. dxe5 Nc4 21. Nd3
Bb7 22. b3 Nxe3 23. Qc5 Qxc5 24. Nxc5 Nf5 25. Nxb7 Rdc8 26. Nd6 Nxd6 27. exd6
Kf8 28. a4 b4 29. Rc7 Rd8 30. Rc6 a5 31. Rac1 Ra7 32. Rc7 Raa8 33. d7 Ke7 34.
Bb5 d4 35. Rc8 e5 36. Rxa8 1-0

[Event "Open"]
[Site "Louviers"]
[Date "2008.05.10"]
[Round "5"]
[White "Vigneron, Frederic"]
[Black "Rouas, Yannick"]
[Result "1/2-1/2"]
[WhiteElo "1997"]
[BlackElo "1930"]
[PlyCount "52"]
[EventDate "2008.05.22"]
[SourceDate "2008.05.24"]

1. d4 Nf6 2. c4 c5 3. Nf3 cxd4 4. Nxd4 e5 5. Nb5 d6 6. N1c3 Nc6 7. Bg5 a6 8.
Na3 Be6 9. e4 Rc8 10. Be2 Be7 11. Bxf6 Bxf6 12. O-O O-O 13. Nd5 Bxd5 14. cxd5
Nd4 15. Bg4 Rc5 16. Rc1 Qc7 17. b4 Rc3 18. Qd2 Rxc1 19. Rxc1 Qe7 20. Qc3 Bg5
21. Qc7 Qf6 22. Rc3 Qf4 23. Bf3 Qd2 24. g3 Qe1+ 25. Kg2 Bd2 26. Nc2 Nxc2
1/2-1/2

[Event "Open"]
[Site "Louviers"]
[Date "2008.05.10"]
[Round "5"]
[White "Rodange, Barbara"]
[Black "Tridant, Thierry"]
[Result "0-1"]
[WhiteElo "1726"]
[BlackElo "2030"]
[PlyCount "52"]
[EventDate "2008.05.22"]
[SourceDate "2008.05.24"]

1. c4 Nf6 2. Nc3 e6 3. g3 d5 4. Bg2 Be7 5. Nf3 O-O 6. cxd5 exd5 7. d4 Nbd7 8.
O-O Re8 9. Bf4 c6 10. Rc1 Nf8 11. Na4 Ne6 12. Qd2 Ne4 13. Qe3 Qa5 14. b3 g5 15.
Nxg5 Bxg5 16. Bxe4 dxe4 17. Nc5 Bxf4 18. gxf4 Qd8 19. Rfd1 Qh4 20. Nxe6 Bxe6
21. Kh1 Kh8 22. Rg1 Bd5 23. Rg3 Rg8 24. Rcg1 Rxg3 25. fxg3 Qf6 26. Qc3 e3+ 0-1

[Event "Open"]
[Site "Louviers"]
[Date "2008.05.10"]
[Round "5"]
[White "Bonte, Gerard"]
[Black "Voegele, Francois-Marie"]
[Result "1-0"]
[WhiteElo "1640"]
[BlackElo "1070"]
[PlyCount "55"]
[EventDate "2008.05.22"]
[SourceDate "2008.05.24"]

1. c4 e5 2. d3 Nc6 3. Nf3 Be7 4. g3 d6 5. Bg2 Nf6 6. Nc3 O-O 7. a3 Be6 8. b4
Qd7 9. O-O Nd4 10. Nxd4 exd4 11. Nb5 a6 12. Nxd4 Rfb8 13. Nxe6 Qxe6 14. Bb2 c6
15. e4 Bd8 16. Bd4 g6 17. f4 Bc7 18. f5 Qe7 19. fxg6 fxg6 20. Bxf6 Qe6 21. Rc1
Bb6+ 22. Kh1 Be3 23. Qe2 Bb6 24. Bb2 h6 25. Qd2 h5 26. Qh6 Bd4 27. Bxd4 Qf7 28.
Qh8# 1-0

[Event "Open"]
[Site "Louviers"]
[Date "2008.05.10"]
[Round "5"]
[White "Bacon, Nicolas"]
[Black "Javor, Besim"]
[Result "1-0"]
[WhiteElo "2246"]
[BlackElo "1957"]
[PlyCount "75"]
[EventDate "2008.05.22"]
[SourceDate "2008.05.24"]

1. e4 e5 2. Nc3 Nc6 3. Bc4 Bc5 4. Nge2 d6 5. d3 Na5 6. Bb3 Nxb3 7. axb3 Be6 8.
O-O Ne7 9. Kh1 Ng6 10. f4 exf4 11. Nxf4 Nxf4 12. Bxf4 a6 13. d4 Bb6 14. d5 Bd7
15. Qh5 O-O 16. Rf3 f6 17. Raf1 Qe8 18. Qh4 Qe7 19. Rg3 Rf7 20. Bd2 Bd4 21. h3
Re8 22. Qh5 Bxc3 23. Bxc3 Qxe4 24. Rxf6 Ref8 25. Qh6 Qxd5 26. Rxg7+ Rxg7 27.
Rxf8+ Kxf8 28. Qxg7+ Ke8 29. Qh8+ Ke7 30. Bf6+ Kf7 31. Qg7+ Ke6 32. Qg8+ Kxf6
33. Qxd5 Bc6 34. Qa5 d5 35. Qxc7 h5 36. Kh2 Kf5 37. Kg3 Ke4 38. Qf4# 1-0

[Event "Open"]
[Site "Louviers"]
[Date "2008.05.10"]
[Round "5"]
[White "Varigault, Nicole"]
[Black "Jolly, Hugo"]
[Result "1-0"]
[WhiteElo "1200"]
[BlackElo "1099"]
[PlyCount "125"]
[EventDate "2008.05.22"]
[SourceDate "2008.05.24"]

1. e4 e5 2. d3 Nf6 3. Nf3 Nc6 4. Nc3 Bc5 5. Be2 O-O 6. O-O d6 7. Bg5 Be6 8. a3
h6 9. Bh4 Qe8 10. b4 Bd4 11. Qd2 d5 12. Bxf6 gxf6 13. exd5 Bxd5 14. Rab1 Bxc3
15. Qxc3 Rd8 16. b5 Ne7 17. Rb4 Ng6 18. g3 Qd7 19. Nh4 Nxh4 20. Rxh4 Kh7 21. a4
Rg8 22. Qd2 Rg6 23. h3 Re8 24. Bg4 Qd8 25. Bf5 Reg8 26. Bxg6+ Rxg6 27. f4 e4
28. Kh2 Qe8 29. f5 Rg5 30. Rff4 e3 31. Qe2 a6 32. c4 axb5 33. cxd5 bxa4 34.
Rxa4 Rxf5 35. Rae4 Qb5 36. Rhf4 Rxd5 37. Rd4 Rc5 38. Rc4 Rd5 39. h4 Qb3 40.
Rfd4 Rf5 41. Rf4 Ra5 42. Qxe3 Ra2+ 43. Kh3 b5 44. Qe4+ Kg8 45. Rxc7 Qd1 46.
Rg4+ Qxg4+ 47. Qxg4+ Kf8 48. Rc8+ Ke7 49. Qe4+ Kd7 50. Qc6+ Ke7 51. Qe8+ Kd6
52. Qxf7 Re2 53. Qxf6+ Kd5 54. Qc6+ Kd4 55. Qxb5 Re5 56. Rd8+ Ke3 57. Qxe5+ Kd2
58. Qb2+ Ke3 59. Qc1+ Kf3 60. Re8 Kf2 61. Qe3+ Kf1 62. Qe2+ Kg1 63. Qg2# 1-0

[Event "Open"]
[Site "Louviers"]
[Date "2008.05.10"]
[Round "5"]
[White "Lierville, Patrick"]
[Black "Haudrechy, Daniel"]
[Result "0-1"]
[WhiteElo "1660"]
[BlackElo "1810"]
[PlyCount "80"]
[EventDate "2008.05.22"]
[SourceDate "2008.05.24"]

1. d4 d5 2. c4 e6 3. Bf4 Nf6 4. Nc3 a6 5. cxd5 Nxd5 6. Bd2 c5 7. Nxd5 Qxd5 8.
Bc3 cxd4 9. Qxd4 Qxd4 10. Bxd4 Bb4+ 11. Bc3 Bxc3+ 12. bxc3 Nc6 13. Nf3 e5 14.
e4 Ke7 15. Bc4 f6 16. O-O Be6 17. Bd5 Rhd8 18. Rfd1 Rac8 19. Rac1 b5 20. Kf1
Na5 21. Ke2 Bxd5 22. exd5 Kd6 23. Nd2 f5 24. f3 Rc7 25. g4 g6 26. gxf5 gxf5 27.
Rg1 Kxd5 28. Rg5 Ke6 29. Rgg1 Rdc8 30. Nb1 b4 31. Kd2 Nc4+ 32. Kc2 a5 33. cxb4
axb4 34. Kb3 Na5+ 35. Kb2 Rxc1 36. Rxc1 Rxc1 37. Kxc1 Kd5 38. Kd2 Kd4 39. Ke2
Nc4 40. h4 h5 0-1

[Event "Open"]
[Site "Louviers"]
[Date "2008.05.10"]
[Round "5"]
[White "Goy, Wilfried"]
[Black "Roussel, Julien"]
[Result "0-1"]
[WhiteElo "1906"]
[BlackElo "1599"]
[PlyCount "62"]
[EventDate "2008.05.22"]
[SourceDate "2008.05.24"]

1. e4 Nf6 2. e5 Nd5 3. c4 Nb6 4. d4 d6 5. exd6 cxd6 6. Nc3 g6 7. Nf3 Bg7 8. Bd3
Nc6 9. Be3 Bg4 10. Be2 O-O 11. d5 Bxf3 12. Bxf3 Ne5 13. c5 dxc5 14. Bxc5 Rc8
15. Bb4 Rc4 16. Ba5 Nxf3+ 17. Qxf3 Bxc3+ 18. Bxc3 Qxd5 19. Qg3 Re4+ 20. Kf1 Rd8
21. Qf3 Na4 22. h4 Nxc3 23. bxc3 Qd3+ 24. Qxd3 Rxd3 25. f3 Rc4 26. Kf2 Rcxc3
27. h5 Rd2+ 28. Kg3 Rcc2 29. h6 Rxg2+ 30. Kf4 Rce2 31. Rad1 e5# 0-1

[Event "Open"]
[Site "Louviers"]
[Date "2008.05.10"]
[Round "5"]
[White "Leguillon, David"]
[Black "Duverne, Jean-Marie"]
[Result "0-1"]
[WhiteElo "1770"]
[BlackElo "2142"]
[PlyCount "34"]
[EventDate "2008.05.22"]
[SourceDate "2008.05.24"]

1. d4 Nf6 2. Nf3 e6 3. Bg5 Be7 4. Nbd2 h6 5. Bxf6 Bxf6 6. e4 d5 7. e5 Be7 8.
Bd3 c5 9. c3 cxd4 10. Bb5+ Bd7 11. Bxd7+ Qxd7 12. cxd4 Qb5 13. Qb3 Qa6 14. Rc1
Nc6 15. a3 O-O 16. h4 Rac8 17. g4 Nxd4 0-1

[Event "Open"]
[Site "Louviers"]
[Date "2008.05.11"]
[Round "6"]
[White "Haudrechy, Daniel"]
[Black "Mouhamad, Joachin"]
[Result "0-1"]
[WhiteElo "1810"]
[BlackElo "1899"]
[PlyCount "144"]
[EventDate "2008.05.24"]
[SourceDate "2008.05.24"]

1. d4 Nf6 2. c4 c5 3. e3 e6 4. a3 cxd4 5. exd4 d5 6. Nf3 Nc6 7. Nc3 Bd6 8. Bg5
dxc4 9. Bxc4 O-O 10. O-O h6 11. Bxf6 Qxf6 12. Ne4 Qe7 13. Nxd6 Qxd6 14. d5 exd5
15. Qxd5 Qf6 16. Qe4 Bf5 17. Qf4 g5 18. Qg3 Rac8 19. b3 Na5 20. Bd5 Rc3 21. b4
Nb3 22. Ra2 Rd8 23. Bxb3 Rxb3 24. Qc7 Rd7 25. Qb8+ Kh7 26. Re1 Re7 27. Raa1 Be6
28. Qe5 Qxe5 29. Nxe5 Rc7 30. Nf3 Rd7 31. Ne5 Rd2 32. Nf3 Rd5 33. Reb1 Rbd3 34.
Kf1 Kg6 35. Ke1 Bg4 36. Ke2 Rc3 37. a4 Bxf3+ 38. gxf3 Rf5 39. Rd1 Rcxf3 40. Rf1
Rb3 41. Rab1 Rff3 42. Rfd1 a6 43. Rd6+ Kh5 44. Rxb3 Rxb3 45. Rb6 f5 46. Rxb7 a5
47. b5 Rb4 48. b6 Rxa4 49. Ra7 Rb4 50. Rxa5 Kg4 51. Ra6 h5 52. Kf1 f4 53. Ke2
Rb2+ 54. Kd3 Kf3 55. Kc3 Rb1 56. Ra5 g4 57. Rxh5 Rxb6 58. Rf5 Rh6 59. Kd4 Rxh2
60. Ke5 Rxf2 61. Rxf4+ Kg3 62. Rd4 Kh3 63. Ke4 g3 64. Ke3 Kh2 65. Rh4+ Kg1 66.
Rg4 g2 67. Rd4 Rf5 68. Ke4 Rh5 69. Kf3 Kh2 70. Rd2 Rg5 71. Kf4 Rg7 72. Kf3 Kh1
0-1

[Event "Open"]
[Site "Louviers"]
[Date "2008.05.11"]
[Round "6"]
[White "Ernouf, Anthony"]
[Black "Vigneron, Frederic"]
[Result "1/2-1/2"]
[WhiteElo "1903"]
[BlackElo "1997"]
[PlyCount "109"]
[EventDate "2008.05.24"]
[SourceDate "2008.05.24"]

1. d4 d5 2. c4 e6 3. Nc3 Nf6 4. Nf3 c6 5. Bg5 Nbd7 6. e3 Qa5 7. Bxf6 Nxf6 8.
Bd3 Bb4 9. Qb3 dxc4 10. Qxc4 Nd5 11. Rc1 Nxc3 12. bxc3 Be7 13. Ne5 Qd5 14. e4
Qxc4 15. Nxc4 O-O 16. O-O Rd8 17. Rfd1 b6 18. Ne5 Bb7 19. Bc4 Rac8 20. a4 a6
21. Ba2 b5 22. axb5 axb5 23. Rd3 Ra8 24. Rc2 c5 25. f3 c4 26. Rd1 h5 27. Rb1
Ba6 28. Nc6 Rd7 29. Nxe7+ Rxe7 30. Rd2 Rd7 31. Kf2 e5 32. d5 Rd6 33. g3 g5 34.
Ke3 Kg7 35. f4 f6 36. fxe5 fxe5 37. Rf2 Rf6 38. Rxf6 Kxf6 39. Rf1+ Kg6 40. h4
Bc8 41. Rf2 Bd7 42. Bb1 Ra1 43. Rb2 g4 44. Kd2 Ra8 45. Ra2 Rxa2+ 46. Bxa2 Kf6
47. Kc2 Ke7 48. Kb2 Kd6 49. Ka3 Kc5 50. Bb1 Be8 51. Bc2 Bd7 52. Bb1 Be8 53. Bc2
Bd7 54. Bb1 Be8 55. Bc2 1/2-1/2

[Event "Open"]
[Site "Louviers"]
[Date "2008.05.11"]
[Round "6"]
[White "Boursier, Xavier"]
[Black "Vallobra, Pierre"]
[Result "1/2-1/2"]
[WhiteElo "2029"]
[BlackElo "1906"]
[PlyCount "105"]
[EventDate "2008.05.24"]
[SourceDate "2008.05.24"]

1. e4 e6 2. d3 d5 3. Nd2 Nf6 4. Ngf3 Be7 5. g3 b6 6. e5 Nfd7 7. Bg2 O-O 8. O-O
f6 9. exf6 Bxf6 10. h4 Re8 11. Nh2 Bb7 12. Ng4 Nf8 13. Nxf6+ Qxf6 14. Re1 Nbd7
15. Nf1 Qf7 16. Qf3 Qe7 17. Ne3 Qd6 18. Bd2 Rab8 19. Qd1 b5 20. d4 Qb6 21. c3
c5 22. Nc2 cxd4 23. cxd4 Nf6 24. Bf4 Rbc8 25. Be5 N8d7 26. Nb4 Nxe5 27. dxe5
Ne4 28. Bxe4 dxe4 29. Rc1 Rxc1 30. Qxc1 Rc8 31. Qd2 Qc5 32. a3 h6 33. Na2 Qxe5
34. Nc3 a6 35. Qd7 Rc7 36. Qe8+ Kh7 37. h5 Qf6 38. Qg6+ Qxg6 39. hxg6+ Kxg6 40.
Nxe4 Rc2 41. b4 Bxe4 42. Rxe4 Kf6 43. Re3 e5 44. Kg2 e4 45. Rxe4 Rc3 46. Rf4+
Ke6 47. Re4+ Kf6 48. Rf4+ Kg5 49. Rf7 Rxa3 50. Rxg7+ Kf6 51. Rh7 Kg6 52. Rb7
Ra4 53. Rb6+ 1/2-1/2

[Event "Open"]
[Site "Louviers"]
[Date "2008.05.11"]
[Round "6"]
[White "Delengaigne, Gregory"]
[Black "Rousselin, Marc"]
[Result "1/2-1/2"]
[WhiteElo "1490"]
[BlackElo "1480"]
[PlyCount "106"]
[EventDate "2008.05.24"]
[SourceDate "2008.05.24"]

1. e4 c5 2. c3 d5 3. exd5 Qxd5 4. d4 Nc6 5. Nf3 Nf6 6. c4 Qe4+ 7. Be3 cxd4 8.
Nxd4 Nxd4 9. Qxd4 e6 10. Nd2 Qxd4 11. Bxd4 Bb4 12. O-O-O Be7 13. Nf3 O-O 14.
Be2 b6 15. Ne5 Bb7 16. Bf3 Bxf3 17. Nxf3 Rac8 18. b3 Rfd8 19. Rhe1 Nd7 20. Re4
Nc5 21. Rg4 f6 22. Be3 Nd3+ 23. Kc2 Nb4+ 24. Kc1 Nxa2+ 25. Kc2 Rxd1 26. Kxd1
Rd8+ 27. Rd4 Rxd4+ 28. Nxd4 e5 29. Nc6 Bc5 30. Bxc5 bxc5 31. Nxa7 Nb4 32. Kd2
Kf7 33. Ke3 Ke6 34. Nb5 Nc2+ 35. Kd3 Nd4 36. Nc7+ Kd7 37. Na6 Kd6 38. Kc3 f5
39. b4 cxb4+ 40. Kxb4 Nc6+ 41. Kb5 Ne7 42. c5+ Kd7 43. Kb6 g5 44. Kb7 h5 45.
Nb8+ Kd8 46. c6 Nd5 47. c7+ Nxc7 48. Nc6+ Kd7 49. Nxe5+ Ke6 50. Nf3 Nd5 51.
Nxg5+ Kf6 52. Nh7+ Kg7 53. Ng5 Nf4 1/2-1/2

[Event "Open"]
[Site "Louviers"]
[Date "2008.05.11"]
[Round "6"]
[White "Blaise, Geoffrey"]
[Black "Didierjean, Tristan"]
[Result "1-0"]
[WhiteElo "1730"]
[BlackElo "1832"]
[PlyCount "125"]
[EventDate "2008.05.24"]
[SourceDate "2008.05.24"]

1. e4 e5 2. Nf3 d6 3. d4 Nd7 4. Bc4 Be7 5. O-O Ngf6 6. Bxf7+ Kxf7 7. Ng5+ Kg6
8. Ne6 Qg8 9. Nxc7 Rb8 10. Qf3 Nb6 11. dxe5 dxe5 12. Qg3+ Kf7 13. Qxe5 h6 14.
Nb5 Be6 15. N1c3 Nc4 16. Qg3 a6 17. e5 axb5 18. exf6 Bxf6 19. Nxb5 Qd8 20. Bf4
Rc8 21. Rad1 Qa5 22. Nc7 Nxb2 23. Nxe6 Nxd1 24. Qb3 Kg6 25. Rxd1 Rhe8 26. Bg3
Rc3 27. Nf4+ Kh7 28. Qf7 Re7 29. Qg6+ Kg8 30. h4 Rf7 31. h5 Rc6 32. Qe4 Re7 33.
Qd3 Re1+ 34. Rxe1 Qxe1+ 35. Kh2 Qe7 36. Ng6 Qf7 37. Be5 Rc8 38. Bxf6 gxf6 39.
Qe3 Kh7 40. Qe4 f5 41. Qd4 Qc7+ 42. g3 Re8 43. Kg2 Qc6+ 44. Kh2 Qe6 45. Qb4 Qf7
46. a4 Re2 47. Qd4 Qg7 48. Qd8 Rxf2+ 49. Kg1 Rxc2 50. Nf8+ Kh8 51. Ne6+ Qg8 52.
Qf6+ Kh7 53. Nf8+ Qxf8 54. Qxf8 Rc7 55. Qxf5+ Kh8 56. Qe5+ Rg7 57. Kf2 Kh7 58.
g4 Rf7+ 59. Kg3 Kg8 60. g5 hxg5 61. Kg4 Rg7 62. h6 Rg6 63. Kh5 1-0

[Event "Open"]
[Site "Louviers"]
[Date "2008.05.11"]
[Round "6"]
[White "Lefebvre, Richard"]
[Black "Lecoeur, Boris"]
[Result "1-0"]
[WhiteElo "1820"]
[BlackElo "1745"]
[PlyCount "81"]
[EventDate "2008.05.24"]
[SourceDate "2008.05.24"]

1. e4 c5 2. Nf3 d6 3. d4 cxd4 4. Nxd4 Nf6 5. Nc3 a6 6. Be2 e6 7. O-O Be7 8. f4
Qc7 9. Kh1 Nbd7 10. a4 O-O 11. Be3 Nc5 12. Bf3 Bd7 13. Qe1 Rac8 14. Qg3 Kh8 15.
f5 e5 16. Nde2 Bc6 17. Bxc5 dxc5 18. Qh3 c4 19. g4 Nd7 20. Qg3 Qd8 21. Rad1 Bg5
22. h3 Qe7 23. Nd5 Bxd5 24. Rxd5 Rc5 25. Rfd1 Rxd5 26. Rxd5 Rc8 27. Qf2 Rc5 28.
Rxd7 Qxd7 29. Qxc5 h6 30. Qxc4 Qd1+ 31. Kg2 Bh4 32. Ng3 Qe1 33. Nh1 Kh7 34. Qe2
Qb4 35. b3 Qc3 36. Nf2 Qb4 37. Nd3 Qd4 38. Nf2 Qc3 39. Nd1 Qb4 40. Ne3 Qc5 41.
Nd5 1-0

[Event "Open"]
[Site "Louviers"]
[Date "2008.05.11"]
[Round "6"]
[White "Bordelet, Louis"]
[Black "Arinal, Serge"]
[Result "0-1"]
[WhiteElo "1840"]
[BlackElo "1680"]
[PlyCount "104"]
[EventDate "2008.05.24"]
[SourceDate "2008.05.24"]

1. e4 e6 2. d4 d5 3. e5 c5 4. c3 Nc6 5. Nf3 Nge7 6. Bg5 Qb6 7. b3 cxd4 8. Bd3
dxc3 9. Nxc3 Nb4 10. O-O Nxd3 11. Qxd3 Ng6 12. Rac1 Bd7 13. Be3 Qa5 14. Rc2 Ba3
15. Rd1 O-O 16. Bd4 Rfc8 17. h4 a6 18. Qe3 Ne7 19. Qd3 Bb5 20. Nxb5 Qxb5 21.
Qxb5 axb5 22. Re2 Ra6 23. Kh2 Rac6 24. Rdd2 Bc1 25. Rd3 Rc2 26. Rxc2 Rxc2 27.
a4 b4 28. g4 Nc6 29. Bb6 Bf4+ 30. Kg2 Bxe5 31. Nd4 Rc3 32. Rxc3 bxc3 33. Nc2
Bd6 34. Kf1 Nb4 35. Nxb4 Bxb4 36. Ke2 f6 37. Kd3 e5 38. Be3 Kf7 39. Bc1 Ke6 40.
f4 g6 41. Be3 d4 42. Bc1 Kd5 43. fxe5 fxe5 44. Bh6 e4+ 45. Ke2 d3+ 46. Kd1 Kd4
47. Bg7+ Ke3 48. h5 gxh5 49. gxh5 c2+ 50. Kc1 Ba3+ 51. Bb2 Bb4 52. Bg7 Bd2+ 0-1

[Event "Open"]
[Site "Louviers"]
[Date "2008.05.11"]
[Round "6"]
[White "Duverne, Jean-Marie"]
[Black "Criton, Roland"]
[Result "1/2-1/2"]
[WhiteElo "2142"]
[BlackElo "1954"]
[PlyCount "68"]
[EventDate "2008.05.24"]
[SourceDate "2008.05.24"]

1. e4 c6 2. d4 d5 3. Nc3 dxe4 4. Nxe4 Nf6 5. Ng5 Bf5 6. Bc4 e6 7. Ne2 h6 8. Nf3
Nbd7 9. Ng3 Bg6 10. O-O Bd6 11. Re1 O-O 12. Ne5 Bxe5 13. dxe5 Nd5 14. c3 Qh4
15. Bd3 Bxd3 16. Qxd3 Rfd8 17. Re4 Nc5 18. Rxh4 Nxd3 19. Re4 Rd7 20. c4 N5b4
21. Be3 b6 22. b3 Rad8 23. f4 Nc2 24. Rf1 Ndb4 25. f5 Nxe3 26. Rxe3 Nxa2 27.
fxe6 fxe6 28. Nh5 Rd1 29. Rg3 Rxf1+ 30. Kxf1 g5 31. h4 Nc1 32. hxg5 Rd3 33.
Nf6+ Kh8 34. Rg4 hxg5 1/2-1/2